000
00350nam a2200157Ia 4500
005
20250322124904.0
008
240331s9999 xx 000 0 und d
082
_b
REV
_a
894
100
_a
Revathi,K
245
0
_a
Mulaigal
250
_a
2nd
260
_a
Chennai
_b
Panikuddam Pathipapagam
_c
2003
300
_a
80 p .,
650
_a
poems
942
_c
L
999
_c
4778
_d
4778